00647nam a2200229 a 4500001001300000003000900013005001700022008004100039020000800080082001800088100002000106245002000126260005000146300000900196500003500205505001300240700002000253902000800273942000700281952011400288999001500402nice12345678IN_TiNIC20260116011827.0050524s1914 alla grp 000 0 eng  ac000a891.4393bMAR aMarston, Louise aMakhzan-E-Qissa aAllahabadbNorth India Christian Tractsc1914 a117p aincludes index and biblioraphy2 aAppendix1 aMarston, Louise bSRS cBK 001040708StackRoom-aHMIbHMId2005-05-24g0.00l0o891.4393 MARp06675r2005-05-24v0.00w2005-05-24yBK c4248d4248